Welcome to the Holygrace Academy Library

Please use search bar below to get started

THE ENCHANTED WOOD (Record no. 7225)

MARC details
000 -LEADER
fixed length control field 00224nam a22001097a 4500
082 ## - DEWEY DECIMAL CLASSIFICATION NUMBER
Classification number 823
Item number BLY/E
100 ## - MAIN ENTRY--AUTHOR NAME
Personal name BLYTON, ENID
245 ## - TITLE STATEMENT
Title THE ENCHANTED WOOD
260 ## - PUBLICATION, DISTRIBUTION, ETC. (IMPRINT)
Place of publication SINGAPORE
Name of publisher MAMMOTH
Year of publication 1995
300 ## - PHYSICAL DESCRIPTION
Number of Pages 185
942 ## - ADDED ENTRY ELEMENTS (KOHA)
Koha item type Books
Holdings
Withdrawn status Lost status Home library Current library Date acquired Source of acquisition Cost, normal purchase price Full call number Accession Number Koha item type
Withdrawn Damaged Item Main Library Main Library 08/03/2002 purchase 3.95 823 BLY/E 00013 Books